01757nam a2200481 i 450000100060000000300080000600500170001400600190003100700150005000800410006502000180010602000270012403500230015103500240017403500250019803500220022304000310024505000220027608000070029808200120030510000320031724500910034925000230044026400640046330000410052733600310056833700330059933800430063249000360067550000230071158801250073459001640085965000120102365000130103565000120104865000130106065500270107370000400110079700190114083000370115985600620119699900170125833563FlNmELB20241216220831.0m o d | cr cnu||||||||150425s2014 mx o 001 0 spa d z9786074385748 a9786074389760 (e-book) a(MiAaPQ)EBC3228810 a(Au-PeEL)EBL3228810 a(CaPaEBR)ebr11038923 a(OCoLC)1105913050 aFINmELBbspaerdacFINmELB 4aBJ1012bP579 2014 a170 a1702231 aPiña Osorio, Juan Manuel.10aÉtica y valores.n2 /cJuan Manuel Piña Osorio, María Eugenia Chávez Arellano. aSegunda edición. 1aMéxico D.F. :bLarousse - Grupo Editorial Patria,c[2014] a1 recurso en línea (142 páginas) atextobtxt2rdacontent/spa acomputadorabc2rdamedia/spa arecurso en líneabcr2rdacarrier/spa1 aSerie Integral por competencias aContiene índice. aDescripción basada en recurso en línea; Título de la página del título en PDF (e-libro, visto April 25, 2015). aRecurso electrónico. Santa Fe, Arg.: e-libro, 2015. Disponible vía World Wide Web. El acceso puede estar limitado para las bibliotecas afiliadas a e-libro. 0aEthics. 4aÉtica. 0aValues. 4aValores. 4aLibros electrónicos.1 aChávez Arellano, María Eugenia.2 ae-libro, Corp. 0aSerie Integral por competencias.40uhttps://elibro.net/ereader/politecnicointernacional/39495 c33563d33563